00732cam a22002294a 45000010009000000050017000090080041000260100017000670200025000840200022001090400018001310410008001490800014001571000007001711010008001782450079001865040051002659060045003169420012003619990017003739520112003901530281920180227091752.0080522s2009 at a b 001 0 eng  a 2008929479 a9780547194325 (pbk.) a0547194323 (pbk.) aDLCcDLCdDLC aeng a658 CHA1 a53 aMAN10aEssentials of strategic management /cCharles W. L. Hill, Gareth R. Jones. aIncludes bibliographical references and index. a7bcbccorignewd3eepcnf20gy-gencatlg 2ddccBK c43641d43641 00102ddc40708PËKGa002b002cPËKGd2018-02-27l0o658 CHAp002-3000050r2018-02-27w2018-02-27yBK